Priestly Texts, Recensions, Rewritings and Paratexts in the Late Egyptian Period

Saved in:  
Bibliographic Details
Main Author: Aufrère, Sydney Hervé 1951- (Author)
Format: Print Article
Language:English
Check availability: HBZ Gateway
Interlibrary Loan:Interlibrary Loan for the Fachinformationsdienste (Specialized Information Services in Germany)
Published: 2010
In: In the second degree
Year: 2010, Pages: 159-182

MARC

LEADER 00000naa a22000002c 4500
001 1929490267
003 DE-627
005 20250702044716.0
007 tu
008 250702s2010 xx ||||| 00| ||eng c
020 |a 9789004187733 
035 |a (DE-627)1929490267 
035 |a (DE-599)KXP1929490267 
040 |a DE-627  |b ger  |c DE-627  |e rda 
041 |a eng 
084 |a 0  |2 ssgn 
100 1 |e VerfasserIn  |0 (DE-588)17195565X  |0 (DE-627)696848120  |0 (DE-576)16621485X  |4 aut  |a Aufrère, Sydney Hervé  |d 1951- 
109 |a Aufrère, Sydney Hervé 1951-  |a Aufrère, Sydney H. 1951-  |a Aufrère, Sydney 1951-  |a Aufrère, S. H. 1951- 
245 1 0 |a Priestly Texts, Recensions, Rewritings and Paratexts in the Late Egyptian Period 
264 1 |c 2010 
336 |a Text  |b txt  |2 rdacontent 
337 |a ohne Hilfsmittel zu benutzen  |b n  |2 rdamedia 
338 |a Band  |b nc  |2 rdacarrier 
601 |a Paratext 
773 0 8 |i Enthalten in  |t In the second degree  |d Leiden : Brill, 2010  |g (2010), Seite 159-182  |h XIV, 284 S.  |w (DE-627)646409573  |w (DE-576)396162029  |z 9789004187733  |z 9004187731  |7 nnam 
773 1 8 |g year:2010  |g pages:159-182 
935 |a mteo 
951 |a AR 
ELC |b 1 
ITA |a 1  |t 1 
LOK |0 000 xxxxxcx a22 zn 4500 
LOK |0 001 4741179990 
LOK |0 003 DE-627 
LOK |0 004 1929490267 
LOK |0 005 20250702032913 
LOK |0 008 250702||||||||||||||||ger||||||| 
LOK |0 035   |a (DE-Tue135)646409573_2010_159 
LOK |0 040   |a DE-Tue135  |c DE-627  |d DE-Tue135 
LOK |0 092   |o n 
LOK |0 852   |a DE-Tue135 
LOK |0 852 1  |9 00 
LOK |0 935   |a imwa  |a ixau  |a rwrk 
LOK |0 939   |a 02-07-25  |b l01 
ORI |a SA-MARC-ixtheoa001.raw 
REL |a 1 
SUB |a REL